The immigrant / (Record no. 596368)

MARC details
000 -LEADER
fixed length control field 01271nam a2200373 a 4500
001 - CONTROL NUMBER
control field vtls000735389
003 - CONTROL NUMBER IDENTIFIER
control field NLI
005 - DATE AND TIME OF LATEST TRANSACTION
control field 20210627043913.0
008 - FIXED-LENGTH DATA ELEMENTS--GENERAL INFORMATION
fixed length control field 110317s2008 ii e 000 0 eng d
020 ## - INTERNATIONAL STANDARD BOOK NUMBER
International Standard Book Number 9788184000610 (pbk)
Terms of availability Rs.299.00
039 #9 - LEVEL OF BIBLIOGRAPHIC CONTROL AND CODING DETAIL [OBSOLETE]
Level of rules in bibliographic description 201103171637
Level of effort used to assign nonsubject heading access points tapass
Level of effort used to assign subject headings 201103171635
Level of effort used to assign classification tapass
-- 201103171634
-- tapass
040 ## - CATALOGING SOURCE
Original cataloging agency NLI
Language of cataloging eng
041 0# - LANGUAGE CODE
Language code of text/sound track or separate title eng
044 ## - COUNTRY OF PUBLISHING/PRODUCING ENTITY CODE
MARC country code ii
082 04 - DEWEY DECIMAL CLASSIFICATION NUMBER
Classification number 823.92
Edition number 22
100 1# - MAIN ENTRY--PERSONAL NAME
Personal name Kapur, Manju
9 (RLIN) 725714
245 14 - TITLE STATEMENT
Title The immigrant /
Statement of responsibility, etc. Manju Kapur
260 ## - PUBLICATION, DISTRIBUTION, ETC.
Place of publication, distribution, etc. Uttar Pradesh :
Name of publisher, distributor, etc. Random House,
Date of publication, distribution, etc. c 2008
300 ## - PHYSICAL DESCRIPTION
Extent [5], 334 p. ;
Dimensions 20 cm.
650 #0 - SUBJECT ADDED ENTRY--TOPICAL TERM
Topical term or geographic name entry element Arrange marriage
Form subdivision Fiction
9 (RLIN) 725715
650 #0 - SUBJECT ADDED ENTRY--TOPICAL TERM
Topical term or geographic name entry element Women college teachers
Geographic subdivision India
-- New Delhi
Form subdivision Fiction
9 (RLIN) 725716
650 #0 - SUBJECT ADDED ENTRY--TOPICAL TERM
Topical term or geographic name entry element East Indians
General subdivision Canada
Form subdivision Fiction
9 (RLIN) 725717
650 #0 - SUBJECT ADDED ENTRY--TOPICAL TERM
Topical term or geographic name entry element Man-women relatioships
Form subdivision Fiction
9 (RLIN) 725718
650 #0 - SUBJECT ADDED ENTRY--TOPICAL TERM
Topical term or geographic name entry element Immigrants
Geographic subdivision Canada
General subdivision Social conditions
Form subdivision Fiction
9 (RLIN) 725719
651 #0 - SUBJECT ADDED ENTRY--GEOGRAPHIC NAME
Geographic name Canada
Form subdivision Fiction
9 (RLIN) 725720
887 ## - NON-MARC INFORMATION FIELD
Content of non-MARC field tapas
901 ## - LOCAL DATA ELEMENT A, LDA (RLIN)
a DB121305 :
b 20.11.10
902 ## - LOCAL DATA ELEMENT B, LDB (RLIN)
a E 823.92 K 143
904 ## - LOCAL DATA ELEMENT D, LDD (RLIN)
a tapas
949 ## - LOCAL PROCESSING INFORMATION (OCLC)
-- VIRTUAITEM
-- 10000
-- 100
6 DBA000121305ENG
942 ## - ADDED ENTRY ELEMENTS (KOHA)
Source of classification or shelving scheme Dewey Decimal Classification
Koha item type Books
Holdings
Withdrawn status Lost status Damaged status Not for loan Collection code Home library Current library Shelving location Date acquired Total Checkouts Full call number Barcode Date last seen Price effective from Koha item type
        New English National Library of India National Library of India New English - Main Stack Division     E 823.92 K 143 DBA000121305ENG 27/06/2021 27/06/2021 Books
                                                                           
web counter

Copyright ©2020 The National Library of India, Govt. of India ↔ Hosted by NVLI, MOC ↔ Technology and Design by National Library of India, Ministry of Culture, Govt. of India